000 00523nam a22001817a 4500
999 _c124707
_d124707
005 20211116114529.0
008 211116b ||||| |||| 00| 0 eng d
020 _a9789386827661
040 _cPK-LaUMT
082 _a611.076
_bGHO-H
100 _aGhosh, B D
245 _aHandbook of anatomy for exam preparation MBBS, BHMS B Phar/D Pharm etc. /
_cby B D Ghosh
260 _aNew Delhi :
_bCBS Publishers & Distributors,
_c2018
300 _a486 p.
650 _aHuman anatomy
650 _aAnatomy-Exam
942 _cBK